10 Words 20 Definitions X Quiz Stats

 Plays Quiz Updated Aug 19, 2017

Challenge
Share
Tweet
Embed
Score 0/20 Timer 03:00
4 Plays Today
% Correct
Super
93.2%
Tension
93.1%
Bowl
92.9%
Referee
92.9%
Touchdown
92.6%
Uniform
92.5%
Touchdown
92.1%
Tension
92%
Commercial
91.7%
Post
91.6%
% Correct
Conduct
89.1%
Bowl
88.8%
License
88.7%
Uniform
85.8%
License
84.5%
Referee
83.1%
Post
75.5%
Conduct
72.7%
Super
71.7%
Commercial
60.8%

You're not logged in!

Compare scores with friends on all Sporcle quizzes.
Join for Free
OR
Log In

You Might Also Like...

Show Comments

Extras

Top Quizzes Today


Score Distribution

Your Account Isn't Verified!

In order to create a playlist on Sporcle, you need to verify the email address you used during registration. Go to your Sporcle Settings to finish the process.

Report this User

Report this user for behavior that violates our Community Guidelines.

Details: